| 000 | 004800000a22001690004500 | ||
|---|---|---|---|
| 003 | MACL | ||
| 005 | 20151231133021.0 | ||
| 008 | 151231b xxu||||| |||| 00| 0 eng d | ||
| 040 |
_aMACL _cMACL |
||
| 041 | _aEnglish | ||
| 082 | _a383/JOY | ||
| 100 |
_aJoyce, Herbert _925664 |
||
| 245 |
_aThe History of the Post Office _bFrom Its Establishment Down to 1836 |
||
| 260 |
_bRichard Bentley & Son _c1893 _aLondon |
||
| 650 |
_aPostal Communication _925665 |
||
| 942 |
_cBK _k383/JOY _2ddc |
||
| 999 |
_c38163 _d38163 |
||